Unterrichten im ersten Schuljahr : Padagogische Uberlegungen fachdidaktische Grundlagen Anregungen fur die Praxis

Αποθηκεύτηκε σε:
Λεπτομέρειες βιβλιογραφικής εγγραφής
Άλλοι συγγραφείς: Kiper, Hanna (Επιμελητής έκδοσης), Nauck, Joachim (Επιμελητής έκδοσης)
Μορφή: Βιβλίο
Γλώσσα:German
Δημοσίευση: Baltmannswiler : Schneider Verlag Hohengehren, 2002
Έκδοση:2. korrigierte Aufl.
Θέματα:
Ετικέτες: Προσθήκη ετικέτας
Δεν υπάρχουν, Καταχωρήστε ετικέτα πρώτοι!

MARC

LEADER 00000nam a2200000 i 4500
001 1/60820
008 050603s2002 ger d
020 |a 3-89676-575-2 
035 |l 10074362 
040 |a GR-MY-UA  |b gre  |e aacr 
041 0 |a ger 
082 0 |a 371.3  |2 (22) 
245 1 0 |a Unterrichten im ersten Schuljahr :  |b Padagogische Uberlegungen fachdidaktische Grundlagen Anregungen fur die Praxis /  |c herausgegeben von Hanna Kiper und Joachim Nauck 
250 |a 2. korrigierte Aufl. 
260 |a Baltmannswiler :   |b Schneider Verlag Hohengehren,   |c 2002 
300 |a vi, 276 p.;  |b ill.;  |c 23 cm 
650 0 0 |a Teaching  |x Methodology. 
650 0 0 |a Instructional systems. 
700 1 |a Kiper, Hanna.  |4 edt 
700 1 |a Nauck, Joachim.  |4 edt 
852 |a INST  |b RHODES  |e 20050603  |h 371.3 UNT  |p 005400023409  |q 005400023409  |t BK  |y 0 
901 |a BIBL4-2005-2 
909 |a Ρ  |b 113221 
922 |a 4ΕΛΗ  |b 200408  |c ΕΠΕΑΕΚ2/ΠΤΔΕ  |d ΜΙΧΑΛΟΠΟΥΛΟΣ 
970 |a ΚΟΖΑ  |b ΜΑΡΙΑ  |z 2005/06/03